000 00592nam a2200217 a 4500
001 16420
005 20180713205340.0
008 140415s1981 sp 000 0 spa d
020 _a8474900549
041 _aspa
082 _a248.46
_bBAL
100 1 _aBALTHASAR, HANS URS VON
245 1 3 _aEL COMPROMISO DEL CRISTIANO EN EL MUNDO
250 _a1a ed.
260 _aESPAÑA :
_bENCUENTRO,
_c1981
300 _a184
490 _aLIBROS DE BOLSILLO
_v10
650 1 4 _aVIDA CRISTIANA
700 1 _aSAURA, EMILIO
_etr.
700 1 _aGiussani, Luigi,
_d1922-2005,
_ecoaut.
999 _c16420
_d16420